00692nam a2200169Ia 450000500170000000800410001702000150005808200160007310000170008924500540010626000370016030000190019750001870021694200060040395200980040999900150050720241218003843.0240331s9999 xx 000 0 und d a8186706151 bLAKa891.48 aLakshmi, C.S 0aMirrors & GesturesbSeven Seas & Seven Mountains aNew DelhibKali for Womenc2003 aliii, 472 P ., aMirrors & Gestures Conversations with Women Dancers is the second of C.S. Lakshmi's three volumes of Detailed interviews with notable women musicians, dancers, and painters in India. cL 001040708LaWERCLbWERCLcSSCd2024-03-31l0o 891.48 LAKp5475r2024-03-31w2024-03-31yL c3376d3376